Online
Catalog

Segundo seminario dominicopuertorriqueño de derecho comparado. (Record no. 15267)

MARC details
000 -CABECERA
campo de control de longitud fija 00925nam a2200181 a 4500
001 - NÚMERO DE CONTROL
campo de control 000015715
005 - FECHA Y HORA DE LA ÚLTIMA TRANSACCIÓN
campo de control 20200929164128.0
008 - DATOS DE LONGITUD FIJA--INFORMACIÓN GENERAL
campo de control de longitud fija 100217s1967 dr 000 0 spa d
040 ## - FUENTE DE LA CATALOGACIÓN
Centro catalogador/agencia de origen DO-SdBNP
Lengua de catalogación spa
Centro/agencia transcriptor BNPHU
082 ## - NÚMERO DE LA CLASIFICACIÓN DECIMAL DEWEY
Número de clasificación xxx
Número de documento/Ítem S471d
049 ## - FONDOS LOCALES (OCLC)
Fondos de biblioteca BNPD
111 2# - ENTRADA PRINCIPAL--NOMBRE DE CONGRESO/REUNIÓN
Nombre de congreso/reunión o jurisdicción como elemento de entrada Seminario dominicopuertorriqueño de derecho comparado
Número del congreso/reunión o número de parte o sección (2a. :
Fecha del congreso/reunión 1966 dic. 15-16-17 :
Sede del congreso/Lugar de la reunión Santiago de los Caballeros, República Dominicana)
9 (RLIN) 35382
245 10 - MENCIÓN DE TÍTULO
Título Segundo seminario dominicopuertorriqueño de derecho comparado.
246 12 - FORMA VARIANTE DE TÍTULO
Título propio/Titulo breve seminario dominicopuertorriqueño de derecho comparado.
260 ## - PUBLICACIÓN, DISTRIBUCIÓN, ETC.
Lugar de publicación, distribución, etc. Barcelona :
Nombre del editor, distribuidor, etc. Imprenta Vda. de Daniel Cochs,
Fecha de publicación, distribución, etc. 1967.
300 ## - DESCRIPCIÓN FÍSICA
Extensión 84 p. ;
Dimensiones 24 cm.
500 ## - NOTA GENERAL
Nota general Ponencia presentada el seminario dominicopuertorriqueño de derecho comparado, auspiciado por La Universidad Católica de Ponce, Puerto Rico, Escuela de Derecho y La Universidad Católica Madre y Maestra, Santiago de los Caballeros, Facultad de Derecho.
Holdings
Estado de retiro Estado de pérdida No para préstamo Código de colección Localización permanente Ubicación/localización actual Ubicación en estantería Fecha de adquisición Número de inventario Total de préstamos Signatura topográfica completa Código de barras Fecha visto por última vez Precio válido a partir de Tipo de ítem Koha Número de copia
    Excluido de préstamo Patrimonio Dominicano Patrimonio Dominicano Patrimonio Dominicano Depósito 17.02.2010 LF1   xxx S471d 15715-10 25.06.2020 25.06.2020 Libro y Folleto Colección Patrimonio Dominicano  
    Excluido de préstamo Patrimonio Dominicano Patrimonio Dominicano Patrimonio Dominicano Depósito 01.10.2013 LF1   xxx S471d 15715-20 25.06.2020 25.06.2020 Libro y Folleto Colección Patrimonio Dominicano e. 2

Powered by Koha